000 00728nam a2200217 a 4500
001 000042084
005 20240412074301.0
008 131113s2006 xxu r 000 p spa d
020 _a0976194082
040 _aDO-SdBNP
_bspa
_cBNPHU
082 _aRD861.44
_bC117vu
100 1 _aCabrera, Raquel Virginia,
_d1973-
_969075
245 1 3 _aEl vuelo de la locura /
_cRaquel Virginia Cabrera.
260 _aEstados Unidos :
_bEdiciones El Salvaje Refinado,
_c2006.
300 _a45 p. ;
_c23 cm.
500 _aIncluye datos biografĂ­cos de la autora en la contraportada
590 _aInventariado, 2018/BT
650 0 _aPoesĂ­a dominicana
_966
650 0 _aLiteratura dominicana.
_967
910 _aValidado. Control de calidad. MFF
999 _c41573
_d41573